北京地铁/城市轨道交通线路图(Map of Beijing Subway) - Statistics

General Stats
  • This quiz has been taken 77 times
  • The average score is 18 of 27
Answers on the Map
Answers color-coded by a green-red scale on the quiz's map according to % correct below.
 
Answer Stats
Answer % Correct
西郊线
88%
1
80%
2
78%
首都机场线
73%
大兴机场线
73%
10
72%
13
72%
8
72%
昌平线
70%
八通线
70%
9
68%
5
67%
亦庄T1线
67%
大兴线
65%
燕房线
65%
11
65%
16
65%
19
65%
亦庄线
63%
15
63%
17
63%
4
63%
6
63%
14
62%
7
62%
S1线
62%
房山线
60%
No matching quizzes found
Score Distribution
Percent of People with Each Score
Percentile by Number Answered
Your Score History
You have not taken this quiz